Topografía aplicada / (Registro nro. 519)
[ vista simple ]
| 000 -LEADER | |
|---|---|
| fixed length control field | 00926nam a2200253Ia 4500 |
| 003 - CONTROL NUMBER IDENTIFIER | |
| control field | PE SENCICO BE |
| 005 - DATE AND TIME OF LATEST TRANSACTION | |
| control field | 20251020182440.0 |
| 008 - FIXED-LENGTH DATA ELEMENTS--GENERAL INFORMATION | |
| fixed length control field | 200515s9999 xx 000 0 und d |
| 020 ## - INTERNATIONAL STANDARD BOOK NUMBER | |
| International Standard Book Number | 978-612-304-300-1 |
| 040 ## - CATALOGING SOURCE | |
| Transcribing agency | PE SENCICO BE |
| Language of cataloging | PE SENCICO BE |
| 041 ## - LANGUAGE CODE | |
| Language code of text/sound track or separate title | spa |
| 082 ## - DEWEY DECIMAL CLASSIFICATION NUMBER | |
| Classification number | 526.9 |
| Item number | V66 |
| 100 1# - MAIN ENTRY--PERSONAL NAME | |
| Personal name | Villalba Sánchez, Néstor |
| 9 (RLIN) | 3284 |
| Relator term | autor |
| 245 10 - TITLE STATEMENT | |
| Title | Topografía aplicada / |
| Statement of responsibility, etc. | Néstor Villalba Sánchez |
| 250 ## - EDITION STATEMENT | |
| Edition statement | 1a ed. |
| 260 ## - PUBLICATION, DISTRIBUTION, ETC. | |
| Place of publication, distribution, etc. | Lima : |
| Name of publisher, distributor, etc. | Limusa ; |
| Date of publication, distribution, etc. | 2015 |
| 300 ## - PHYSICAL DESCRIPTION | |
| Extent | 416 páginas : |
| Other physical details | ilustraciones, tablas, gráficos ; |
| Dimensions | 25 cm. |
| 505 0# - FORMATTED CONTENTS NOTE | |
| Formatted contents note | Principios básicos de la topografía -- Instrumentos de medición topográfica -- Planimetría -- Altimetría -- Aplicación en campo -- Dirección de proyecto -- Emprender -- Replanteo |
| 650 10 - SUBJECT ADDED ENTRY--TOPICAL TERM | |
| Topical term or geographic name entry element | Topografía |
| 9 (RLIN) | 4 |
| 650 20 - SUBJECT ADDED ENTRY--TOPICAL TERM | |
| Topical term or geographic name entry element | Instrumentos de topografía |
| 9 (RLIN) | 997 |
| 650 20 - SUBJECT ADDED ENTRY--TOPICAL TERM | |
| Topical term or geographic name entry element | Planimetría |
| 9 (RLIN) | 1232 |
| 650 20 - SUBJECT ADDED ENTRY--TOPICAL TERM | |
| Topical term or geographic name entry element | Altimetría |
| 9 (RLIN) | 3228 |
| 942 ## - ADDED ENTRY ELEMENTS (KOHA) | |
| Koha item type | Libros |
| Source of classification or shelving scheme | Dewey Decimal Classification |
| Fecha de la última vez que lo usaron | Número de ingreso o de inventario | Pago total | Signatura topográfica completa | Código de barras | Precio efectivo desde | Tipo de documento | Estado perdido | Sistema de clasificación | Estado dañado | No es para préstamo | Retirado | Ubicación permanente | Ubicación actual | Fecha de adquisición |
|---|---|---|---|---|---|---|---|---|---|---|---|---|---|---|
| 15/05/2020 | 16270 | 526.9/V66 | BibLima25100006 | 15/05/2020 | Libros | Dewey Decimal Classification | Biblioteca Central Lima | Biblioteca Central Lima | 15/05/2020 |